Deadline. Роман об управлении проектами: пер. с англ.

Detalles Bibliográficos
Autor Principal: Демарко Т. Том
Summary:Если некие люди, оценив вас как гениального руководителя, выкрадут вас, увезут в чужую страну и предложат вести интереснейший проект на весьма выгодных условиях, то вы пройдете путь главного героя этой книги в точности. Но если вы менеджер, то все, кроме шпионских деталей, - ваша повседневная реальность. Расчет численности команды на разных стадиях проекта, муки выбора при найме сотрудников и тягостные ощущения при их увольнении, работа в усло виях цейтнота, арбитраж во внутренних конфликтах, защита подчиненных от необдуманных действий вышестоящего руководства - все это до боли знакомо многим менеджерам. Потому что управление проектами - это всегда работа с людьми. Под выводами, которые заносит главный герой в свою записную книжку, могут подписаться тысячи руководителей. Однако сформулировать их в повседневной текучке самостоятельно удается не всегда. Поэтому наибольшую пользу эта книга принесет руководителям проектов любого масштаба.
Idioma:ruso
Publicado: Москва, Манн, Иванов и Фербер, 2015
Series:Библиотека Сбербанка Т. 31
Subjects:
Formato: Libro
KOHA link:https://koha.lib.tpu.ru/cgi-bin/koha/opac-detail.pl?biblionumber=327961

MARC

LEADER 00000nam0a2200000 4500
001 327961
005 20231102004019.0
010 |a 9785000570555 
035 |a (RuTPU)RU\TPU\book\353650 
035 |a RU\TPU\book\236105 
090 |a 327961 
100 |a 20170208d2015 km y0rusy50 ca 
101 1 |a rus  |c eng 
102 |a RU 
105 |a y z 000zy 
200 1 |a Deadline. Роман об управлении проектами  |e пер. с англ.  |f Т. Демарко 
210 |a Москва  |c Манн, Иванов и Фербер  |d 2015 
215 |a 294 с. 
225 1 |a Библиотека Сбербанка  |v Т. 31 
330 |a Если некие люди, оценив вас как гениального руководителя, выкрадут вас, увезут в чужую страну и предложат вести интереснейший проект на весьма выгодных условиях, то вы пройдете путь главного героя этой книги в точности. Но если вы менеджер, то все, кроме шпионских деталей, - ваша повседневная реальность. Расчет численности команды на разных стадиях проекта, муки выбора при найме сотрудников и тягостные ощущения при их увольнении, работа в усло виях цейтнота, арбитраж во внутренних конфликтах, защита подчиненных от необдуманных действий вышестоящего руководства - все это до боли знакомо многим менеджерам. Потому что управление проектами - это всегда работа с людьми. Под выводами, которые заносит главный герой в свою записную книжку, могут подписаться тысячи руководителей. Однако сформулировать их в повседневной текучке самостоятельно удается не всегда. Поэтому наибольшую пользу эта книга принесет руководителям проектов любого масштаба. 
606 1 |a Управление проектами  |2 stltpush  |3 (RuTPU)RU\TPU\subj\37171  |9 58292 
610 1 |a менеджмент 
610 1 |a проектная деятельность 
610 1 |a персонал 
610 1 |a руководители 
610 1 |a конфликты 
610 1 |a риски 
610 1 |a опасные факторы 
610 1 |a предупреждение 
610 1 |a нейтрализация 
610 1 |a командоориентированное управление 
610 1 |a лидерство 
610 1 |a командная работа 
686 |a У821  |v LBC/SL-A  |2 rubbk 
700 1 |a Демарко  |b Т.  |g Том 
801 1 |a RU  |b 63413507  |c 20120522 
801 2 |a RU  |b 63413507  |c 20170215  |g RCR 
942 |c BK